000 005600000a22001810004500
003 MACL
005 20160409112702.0
008 160409b xxu||||| |||| 00| 0 eng d
040 _aMACL
_cMACL
041 _aHindi
082 _a403
100 _aसी एम दबे
_951190
245 _aसरल बाल विज्ञान विश्‍वकोश
260 _bविज्ञान शिक्षा संस्‍थान
_c2002
_aगाजियाबाद
350 _a200
650 _aDictionaries
_95673
942 _cHIN
_k403
_2ddc
999 _c11436
_d11436